Lebanon First Level Subdivisions - Statistics

General Stats
  • This quiz has been taken 114 times
  • The average score is 6 of 8
Answer Stats
Muhāfazāt % Correct
Beirut
95%
South
93%
North
92%
Mount Lebanon
82%
Beqaa
61%
Akkar
59%
Nabatieh
59%
Baalbek-Hermel
36%
No matching quizzes found
Score Distribution
Percent of People with Each Score
Percentile by Number Answered
Your Score History
You have not taken this quiz